Quản trị hành chính văn phòng

Trình bày đại cương về quản trị hành chính văn phòng, chức năng của quản trị hành chính văn phòng, mục tiêu hoạch định và tổ chức quản trị thời gian, quản trị thông tin, quản trị hành chính văn phòng một cách khoa học, đơn giản hoá công việc hà...

全面介绍

Đã lưu trong:
书目详细资料
主要作者: Đồng, Thị Thanh Phương
格式: 图书
语言:Undetermined
出版: Tp. HCM Tổng hợp 2011
主题:
标签: 添加标签
没有标签, 成为第一个标记此记录!
Thư viện lưu trữ: Trung tâm Học liệu Trường Đại học Cần Thơ
LEADER 01080nam a2200205Ia 4500
001 CTU_188044
008 210402s9999 xx 000 0 und d
020 |c 40000 
082 |a 651.3 
082 |b Ph561 
100 |a Đồng, Thị Thanh Phương 
245 0 |a Quản trị hành chính văn phòng 
245 0 |c Đồng Thị Thanh Phương, Nguyễn Thị Ngọc An 
260 |a Tp. HCM 
260 |b Tổng hợp 
260 |c 2011 
520 |a Trình bày đại cương về quản trị hành chính văn phòng, chức năng của quản trị hành chính văn phòng, mục tiêu hoạch định và tổ chức quản trị thời gian, quản trị thông tin, quản trị hành chính văn phòng một cách khoa học, đơn giản hoá công việc hành chính, thư tín thương mại quốc tế... Nghiệp vụ hành chính văn phòng 
650 |a Office management,Quản trị văn phòng 
904 |i Bằng 
980 |a Trung tâm Học liệu Trường Đại học Cần Thơ